000 00208nam a22000857a 4500
008 170119b xxu||||| |||| 00| 0 eng d
100 _92513
_aArya.P.
245 _aLooking Around EVS
260 _aNew Delhi
_bAPC
_c2010
999 _c5586
_d5586